16 Sentencias Representativas de la Sala de lo Constitucional/ (Registro nro. 9779)
[ vista simple ]
| 000 -LEADER | |
|---|---|
| fixed length control field | 01213nam a2200193Ia 4500 |
| 005 - FECHA Y HORA DE LA ÚLTIMA TRANSACCIÓN | |
| control field | 20231013104308.0 |
| 008 - FIXED-LENGTH DATA ELEMENTS--GENERAL INFORMATION | |
| fixed length control field | 231013s9999 xx 000 0 und d |
| 040 ## - CATALOGING SOURCE | |
| Original cataloging agency | UPAN |
| Transcribing agency | Biblioteca San Vicente |
| Description conventions | RCAA2 |
| 041 ## - LANGUAGE CODE | |
| Language code of text/sound track or separate title | spa |
| 082 ## - DEWEY DECIMAL CLASSIFICATION NUMBER | |
| Classification number | 342 |
| Item number | C678s |
| año de publicación | 2006 |
| 110 ## - MAIN ENTRY--CORPORATE NAME | |
| Corporate name or jurisdiction name as entry element | Corte Suprema de Justicia |
| Relator code | aut. |
| 245 #0 - TITLE STATEMENT | |
| Title | 16 Sentencias Representativas de la Sala de lo Constitucional/ |
| Statement of responsibility, etc | Corte Suprema de Justicia |
| 250 ## - EDITION STATEMENT | |
| Edition statement | 1º ed. |
| 260 ## - PUBLICATION, DISTRIBUTION, ETC. (IMPRINT) | |
| Place of publication, distribution, etc | El Salvador: |
| Name of publisher, distributor, etc | Corte Suprema de Justicia, |
| Date of publication, distribution, etc | 2006 |
| 300 ## - PHYSICAL DESCRIPTION | |
| Extent | 780 p.; |
| Dimensions | 24 cm. |
| 505 ## - FORMATTED CONTENTS NOTE | |
| Formatted contents note | Reunidos en un solo vòlumen, ponemos a la disposiciòn de todos ellos estas diecisèis sentencias necesariamente polèmicas en su contenido, que, con buen viento, circuularàn entre sus lectores para que, en un diàlogo tàcito entre los fucnionarios judiciales que las suscribieron y la comunidad jurìdica, signado por la perspectiva del tiempo y por el severo ojo avizor de la sociedad, surja el juicio cientifico, critico e històrico que califique la actuaciòn de aquellos y aquilate la jurisprudencia constitucional en un perìodo de seis años que abarca momentos cruciales de la historia nacional. |
| 650 ## - SUBJECT ADDED ENTRY--TOPICAL TERM | |
| Source of heading or term | LEMB |
| General subdivision | Sentencias |
| Geographic subdivision | El Salvador |
| 942 ## - ADDED ENTRY ELEMENTS (KOHA) | |
| Koha item type | Libros |
| Source of classification or shelving scheme | Dewey Decimal Classification |
| Withdrawn status | Lost status | Source of classification or shelving scheme | Damaged status | Not for loan | Collection code | Home library | Current library | Date acquired | Total Checkouts | Full call number | Barcode | Date last seen | Copy number | Price effective from | Koha item type |
|---|---|---|---|---|---|---|---|---|---|---|---|---|---|---|---|
| Dewey Decimal Classification | Referencia | Biblioteca UPAN San Vicente | Biblioteca UPAN San Vicente | 13/10/2023 | 342 C678s | 12002095 | 13/10/2023 | 01 | 13/10/2023 | Referencia | |||||
| Dewey Decimal Classification | Referencia | Biblioteca UPAN San Vicente | Biblioteca UPAN San Vicente | 13/10/2023 | 342 C678s | 12002096 | 13/10/2023 | 02 | 13/10/2023 | Referencia |